| 000 | 00339nam a2200133Ia 4500 | ||
|---|---|---|---|
| 008 | 240624s9999 xx 000 0 und d | ||
| 041 | _aeng | ||
| 082 | _a658.4083 MAL | ||
| 100 | _aMALTZMAN RICHARD | ||
| 245 | _aGREEN PROJECT MANAGEMENT | ||
| 260 |
_c2011 _aLondon _bCRC Press |
||
| 300 | _axxiv, : 272 : p. : cm. ; 24 | ||
| 365 |
_cBPS _b27 |
||
| 999 |
_c16856 _d16856 |
||